| Tag |
First Indicator |
Second Indicator |
Subfields |
| LEADER |
00000cam a2200000 a 4500 |
| 001 |
in00000015928 |
| 005 |
20151007052632.0 |
| 008 |
880121s1986 caua 00110 eng |
| 010 |
|
|
|a 85073135
|
| 020 |
|
|
|a 0960174877
|
| 035 |
|
|
|a (OCoLC)14564716
|
| 035 |
|
|
|9 AAA8610AM
|
| 040 |
|
|
|a DLC
|c DLC
|d TXA
|d UtOrBLW
|
| 049 |
|
|
|a TXAM
|c [A11464117]
|
| 050 |
0 |
0 |
|a TK7868.P7
|b L85 1986
|
| 082 |
0 |
|
|a 621.381/74
|2 19
|
| 100 |
1 |
|
|a Lund, Preben,
|d 1926-
|
| 245 |
1 |
0 |
|a Printed circuit board precision artwork generation and manufacturing methods /
|c Preben Lund.
|
| 264 |
|
1 |
|a Westlake Village, Calif., U.S.A. :
|b Bishop Graphics ;
|c [1986]
|
| 264 |
|
2 |
|a Englewood Cliffs, NJ :
|b Distributed by Prentice-Hall,
|
| 264 |
|
4 |
|c ©1986
|
| 300 |
|
|
|a xvi, 458 pages :
|b illustrations ;
|c 24 cm.
|
| 336 |
|
|
|a text
|b txt
|2 rdacontent
|
| 337 |
|
|
|a unmediated
|b n
|2 rdamedia
|
| 338 |
|
|
|a volume
|b nc
|2 rdacarrier
|
| 500 |
|
|
|a "A revision of Preben Lund's Generation of precision artwork for printed circuit boards originally published in 1978 by Wiley-Interscience"--Verso title page.
|
| 500 |
|
|
|a Includes index.
|
| 650 |
|
0 |
|a Printed circuits.
|
| 700 |
1 |
|
|a Lund, Preben,
|d 1926-
|t Generation of precision artwork for printed circuit boards.
|
| 999 |
|
|
|a MARS
|
| 999 |
f |
f |
|s 7ca931b0-14ee-37cf-badc-0d63830f2d4b
|i 7b2b5ecd-b4ae-3839-a769-6c0adb6c95b8
|t 0
|
| 952 |
f |
f |
|p ric
|a Texas A&M University
|b Rellis Campus
|c Joint Library Facility
|d Remote Storage
|t 0
|e TK7868.P7 L85 1986
|h Library of Congress classification
|i unmediated -- volume
|m A14811464117
|
| 998 |
f |
f |
|a TK7868.P7 L85 1986
|t 0
|l Remote Storage
|